01239cam a22002771 4500001001300000003000400013005001700017008004100034010001700075025001900092035002000111040002000131042001200151050001800163110006400181245013300245250001400378260002100392300005100413505033000464600003500794700003500829700004100864700003900905999001700944sa 65000841 DLC20260227112105.0840815s1963 ii ach 000 0 eng  asa 65000841  aPL480:I-E-2892 a(OCoLC)11058244 aDLCcNcWsWdDLC apremarc00aDS481.B59bB52 aBiplabi Mahanayak Rash Behari Basu Smarak Samity, Calcutta.10aRash Behari Basu,bhis struggle for India's independence.cEditor-in-chief: Radhanath Rath. Editor: Sabitri Prasanna Chatterjee. a[1st ed.] aCalcuttac[1963] axxxx, 596 p.billus., facsims., ports.c23 cm.0 aMessages and tributes.--Letters.--Tributes from Japan.--Speeches, broadcasts and statements.--Discourses on cultural and national subjects--Notes from Japan.--Further broadcasts and messages to Indian nation and congress leaders.--Bangkok conference: fuller details.--Appreciation by eminent personages.--Other contributions.10aBose, Rash Behari,d1886-1945.1 aBose, Rash Behari,d1886-1945.1 aRatha, Rādhānātha,d1896-1998.1 aChatterjee, Sabitri Prasanna,eed. c61777d61777